| 000 | 00760nam a2200253 a 4500 | ||
|---|---|---|---|
| 005 | 20210223124041.0 | ||
| 008 | 991125s1985 mx 000 0 spa u | ||
| 035 | _aUPN01000103162 | ||
| 100 | 1 |
_aGargallo López, Bernardo _939315 |
|
| 222 | _aREVISTA ESPAÑOLA DE PEDAGOGIA | ||
| 245 | _aUn programa de intervención para prevención y tratamiento del ausentismo escolar | ||
| 300 | _a71-95 | ||
| 362 | 0 | _a2000 Vol. 58, no. 215, ene.-abr. | |
| 653 | 0 | _aAUSENTISMO ESCOLAR | |
| 653 | 0 | _aEDUCACION PRIMARIA | |
| 653 | 0 | _aFRACASO ACADEMICO | |
| 653 | 0 | _aRENDIMIENTO ACADEMICO | |
| 700 | 1 | _aSánchez Peris, Francesc J., | |
| 700 | 1 | _ecoaut. | |
| 700 | 1 | _aGarfella Estevan, Pedro, | |
| 700 | 1 | _ecoaut. | |
| 904 |
_aAC _b040973 |
||
| 905 | _aArticulo | ||
| 999 |
_c78516 _d78516 |
||